Readings in Malayan economics
محفوظ في:
| المؤلف الرئيسي: | |
|---|---|
| التنسيق: | كتاب |
| اللغة: | Undetermined |
| منشور في: |
Singapore
Published by D. Moore for Eastern Universities Press
1961
|
| الموضوعات: | |
| الوسوم: |
إضافة وسم
لا توجد وسوم, كن أول من يضع وسما على هذه التسجيلة!
|
| Thư viện lưu trữ: | Trung tâm Học liệu Trường Đại học Cần Thơ |
|---|
| LEADER | 00542nam a2200193Ia 4500 | ||
|---|---|---|---|
| 001 | CTU_91251 | ||
| 008 | 210402s9999 xx 000 0 und d | ||
| 082 | |a 330.9595 | ||
| 082 | |b S581 | ||
| 100 | |a Silcock, Thomas H. | ||
| 245 | 0 | |a Readings in Malayan economics | |
| 245 | 0 | |c Thomas H. Silcock | |
| 260 | |a Singapore | ||
| 260 | |b Published by D. Moore for Eastern Universities Press | ||
| 260 | |c 1961 | ||
| 650 | |a Malaya | ||
| 650 | |x Economic conditions | ||
| 904 | |i Năm | ||
| 980 | |a Trung tâm Học liệu Trường Đại học Cần Thơ | ||